000 00769nab#a2200241#c#4500
999 _c122300
_d122300
003 IEF
005 20191205103707.0
008 950704s1976 uuu|| #####0 b| |u
040 _aIEF
_cES-MaIEF
100 1 _aLópez Juana Pinilla, José
_926467
245 _aRepresentación que dirige al Rey N. S. el intendente D. José López Juana Pinilla sobre los medios de organizar un sistema de Real Hacienda
_bAño de 1816
260 _c1976
650 4 _aHISTORIA ECONOMICA
_945401
650 4 _aESPAÑA
_941092
650 4 _aHACIENDA PUBLICA
_950201
650 4 _aSIGLO XIX
_948415
650 4 _aORGANIZACION
_947901
650 4 _aREFORMA
_910750
773 0 _tHacienda pública española
_w34570
_g38, p. 272-295
942 _2udc
942 _2udc